000 00649nam a2200229 i 4500
001 C2-0244700
003 PPAK
005 20180727205907.0
008 030111s1991 my |||| ||||| | may d
040 _aPPAK
_beng
_cPPAK
_erda
082 0 4 _a928.9923
_223
090 0 0 _a928.9923
_bNOR
_dKAA
100 0 _aNorani Bt. Che Ali,
_eauthor
245 1 0 _aBiografi Azizi Hj. Abdullah sebagai penulis
264 1 _aKuala Lumpur :
_bUniversiti Malaya ,
_c1991
300 _a160 pages ;
_c28 cm
336 _2rdacontent
_atext
337 _2rdamedia
_aunmediated
338 _2rdacarrier
_avolume
650 1 0 _aAuthors, Malay - Biography
942 _ddc
_cB
999 _c58891
_d58891